| 000 | 00445nam a22001577a 4500 | ||
|---|---|---|---|
| 020 | _a9789384075170 | ||
| 082 |
_aM301 _bLAT/T |
||
| 100 |
_aLathalekshmi _9154923 |
||
| 245 |
_aThoolikanamam Radha/ _cby Lathalekshmi |
||
| 260 |
_aKottayam: _bSahithay Pravarthaka Co-operative Society, _c2014. |
||
| 300 | _a76p. | ||
| 650 |
_aStories Malayalam _9154924 |
||
| 650 |
_aLiterature Malayalam _9154925 |
||
| 650 |
_aLiterature _9154926 |
||
| 942 | _cBK | ||
| 999 |
_c141671 _d141671 |
||